El efecto de un arancel externo común en la balanza de pagos y en el tipo de cambio (Registro nro. 24367)

Detalles MARC
000 -LEADER
fixed length control field 00383 a2200109 4500
001 - CONTROL NUMBER
control field ART_8535
005 - DATE AND TIME OF LATEST TRANSACTION
control field 20260410161844.0
008 - FIXED-LENGTH DATA ELEMENTS--GENERAL INFORMATION
fixed length control field 260409a
100 1# - MAIN ENTRY--PERSONAL NAME
Personal name Edwards, Sebastián
245 10 - TITLE STATEMENT
Title El efecto de un arancel externo común en la balanza de pagos y en el tipo de cambio
773 0# - HOST ITEM ENTRY
Title El trimestre económico
Related parts - Vol. XLIV, Nº 175 (jul./set. 1977)
Record control number REV6933

No hay ítems disponibles.